00993nab a2200253 uc450000100070000000500170000700800410002403500110006503500210007604000130009704100080011010000390011824500820015765000320023965000770027170000500034870000450039870000680044370000480051170000390055977301120059894200100071099900190072072529120251202100555.0020313e20000901 spa  a725291 a(OCoLC)819935642 ccomduadb aspa10aPineda, David A.4auteaut930811910aTrastorno por deficit de atencion en una comunidad paisa : informe preliminar aAntioquia (Colombia)977506 7aTrastorno por déficit de atención con hiperactividad2armarc985894410aHenao Lopez, Gloria Cecilia4auteaut940237710aCastellanos, F. Xavier4auteaut935406410aLopera Restrepo, Francisco Javier,d1951-20244auteaut949192010aPalacio Ortiz, Juan David4auteaut930271910aRapoport, Judith4auteaut93540650 tActa Neurológica Colombiana (Bogotá)gVol. 16, No. 03, Sep. 2000, p. 189-194w374160x0120-87480113541 cARIMP c232542d232542